| 000 | 00583nam a22001937a 4500 | ||
|---|---|---|---|
| 999 |
_c10329 _d10329 |
||
| 003 | AR-CdUCM | ||
| 008 | 190329b ||||| |||| 00| 0 spa d | ||
| 040 |
_aMUNICIPALIDAD PROVINCIAL DEL CUSCO _cBIBLIOTECA MUNICIPAL DEL CUSCO |
||
| 082 |
_aES / 800 / _bK96 |
||
| 100 |
_aKurtz, Carmen _927129 |
||
| 245 | _aOscar Cosmonauta / | ||
| 260 |
_aBarcelona : _bJuventud S, A, ; _c1962. |
||
| 300 |
_a173 páginas ; _bIlustraciones _c22cm |
||
| 505 | _aContenido: Novela | ||
| 650 |
_aLiteratura _9416 |
||
| 650 |
_aEducación secundaria _94648 |
||
| 942 |
_2ddc _cLIBROS |
||
| 945 | _anom | ||